Größte Fußballvereine nach Mitgliedern - Statistiken

Allgemein
  • Dieses Quiz wurde 279 mal gespielt
    166 seit der letzten Aktualisierung
  • Das Durchschnittsergebnis liegt bei 12 aus 17
Antwortstatistiken
Land Anzahl Mitglieder Verein % Korrekt
Deutschland 400.000 Bayern München
99%
Deutschland 218.493 Borussia Dortmund
98%
Portugal 400.000 Benfica Lissabon
97%
Spanien 150.000 FC Barcelona
96%
Deutschland 193.000 FC Schalke 04
92%
Portugal 140.000 Sporting Lissabon
92%
Portugal 114.000 FC Porto
84%
Deutschland 120.000 Hamburger SV
82%
Deutschland 150.000 1. FC Köln
81%
Argentinien 315.879[ CA Boca Juniors
80%
Deutschland 120.000 VfB Stuttgart
76%
Deutschland 150.000 Eintracht Frankfurt
75%
Argentinien 335.945 CA River Plate
70%
Deutschland 100.000 Borussia Mönchengladbach
61%
Kroatien 101.597 HNK Hajduk Split
46%
Brasilien 114.000 Gremio Porto Alegre
6%
Brasilien 107.000 Internacional Porto Alegre
2%
Keine übereinstimmenden Quizze gefunden
Verteilung der Resultate
Anzahl Personen mit jedem Resultat
Perzentil nach korrekt beantworteten Fragen
Ihre Resultats-Entwicklung
Sie haben dieses Quiz seit der letzten Aktualisierung nicht gespielt